| 000 | 01645cam a2200457Ka 4500 | ||
|---|---|---|---|
| 001 | ocn244018738 | ||
| 003 | OCoLC | ||
| 005 | 20180626152725.0 | ||
| 008 | 080818s2007 nyua j 000 0 spa | ||
| 020 | _a9780545056564 (board) | ||
| 020 | _a054505656X (board) | ||
| 035 |
_a(OCoLC)244018738 _z(OCoLC)191928539 _z(OCoLC)966506722 |
||
| 040 |
_aJBU _beng _cJBU _dBTCTA _dBAKER _dOCLCF _dGO3 _dOCLCQ _dOQX _dOCL _dDCB |
||
| 041 | 1 |
_aspa _heng |
|
| 049 | _aORXA | ||
| 050 | 1 | 4 |
_aBS557.3 _b.M663 2007 |
| 082 | 0 | 4 |
_a468 _bMoo |
| 092 |
_fSPANISH j _a220.9505 MOORE 2007 |
||
| 100 | 1 | _aMoore, Eva. | |
| 240 | 1 | 0 |
_aMy first read and learn Bible. _lSpanish. |
| 245 | 1 | 0 |
_aMi primera Biblia / _c[stories retold by Eva Moore ; illustrated by Duendes del Sur]. |
| 246 | 3 | _aMi primera Biblia para los ninos. | |
| 260 |
_aNew York : _bScholastic/Scholastic en Espanol, _c2007. |
||
| 300 |
_a37 pages : _bcolor illustrations ; _c19 cm. |
||
| 336 |
_atext _btxt _2rdacontent. |
||
| 337 |
_aunmediated _bn _2rdamedia. |
||
| 338 |
_avolume _bnc _2rdacarrier. |
||
| 490 | 1 | _aLee y aprende. | |
| 500 | _aOn board pages. | ||
| 500 | _aOn cover "American Bible Society." | ||
| 520 | _aPresents eight stories from the Old and New Testaments, including the story of Noah, the Nativity, and Jesus and the children. On board pages. | ||
| 546 | _aIn Spanish. | ||
| 650 | 0 | _aBible stories, Spanish. | |
| 650 | 0 | _aBoard books. | |
| 655 | 7 |
_aMateriales en espanol. _2qlsp. |
|
| 690 |
_aSpanish language edition _vJuvenile nonfiction. |
||
| 710 | 2 | _aDuendes Del Sur (Firm) | |
| 710 | 2 | _aAmerican Bible Society. | |
| 830 | 0 | _aLee y aprende. | |
| 942 | _cBK | ||
| 999 |
_c21045 _d21045 |
||